000 005610000a22001810004500
003 MACL
005 20160221115831.0
008 160221b xxu||||| |||| 00| 0 eng d
040 _aMACL
_cMACL
041 _aHindi
082 _a340
100 _aबसन्‍ती लाल बाबेल
_933690
245 _aभारतीय संविदा अधिनियम 1872
260 _bसेन्‍ट्रल ला एजेन्‍सी
_c1980
_aइलाहाबाद
350 _a18
650 _aLaw
_939364
942 _cHIN
_k340
_2ddc
999 _c27948
_d27948